The immortals of meluha / (Record no. 67092)

MARC details
000 -LEADER
fixed length control field 00750nam a22002177a 4500
005 - DATE AND TIME OF LATEST TRANSACTION
control field 20180601154642.0
010 ## - LCCN (DPL NO)
LC control number B-694040
020 ## - INTERNATIONAL STANDARD BOOK NUMBER
International Standard Book Number 9789380658742
Terms of availability 325.00
035 ## - SYSTEM CONTROL NUMBER
System control number B-694040
037 ## - SOURCE OF ACQUISITION
Source of stock number/acquisition RK Books
082 ## - DEWEY DECIMAL CLASSIFICATION NUMBER
Classification number N
100 ## - MAIN ENTRY--PERSONAL NAME
Personal name Tripathi, Amish
245 ## - TITLE STATEMENT
Title The immortals of meluha /
Statement of responsibility, etc by Amish Tripathi
260 ## - PUBLICATION, DISTRIBUTION, ETC. (IMPRINT)
Place of publication, distribution, etc Chennai
Name of publisher, distributor, etc Westland
Date of publication, distribution, etc 2017
270 ## - ADDRESS
Address 61, II floor, silverline building, Alapakkam main road, maduravoyal
City Chennai
Postal code 600095
300 x# - PHYSICAL DESCRIPTION
Extent xviii, 417p.
Dimensions 20cm(pbk)
490 ## - SERIES STATEMENT
Series statement Shiva trilogy
Volume number/sequential designation 1
500 ## - GENERAL NOTE
General note Includes Glossary
942 ## - ADDED ENTRY ELEMENTS (KOHA)
Source of classification or shelving scheme Dewey Decimal Classification
Item type English Books
Call number suffix TRI
Classification part N
Holdings
Withdrawn status Lost status Not for loan Collection code Home library Current library Date acquired Source of acquisition Cost, normal purchase price Full call number Barcode Copy number Cost, replacement price Koha item type
  Written-off vide DLB M. No. 383 dt 16.05.19   Fiction Central Library Central Library 15/06/2012 Virtuous Pub/936/04.02.2012/28/18.01.2012/10.02.2012 195.00 N TRI B-460877 1 195.00 English Books
      Fiction Sarojini Nagar Sarojini Nagar 01/06/2018 R.K.Books/398/23.05.2018/456/18.05.2018/29.05.2018 325.00 N TRI B-694040 1 325.00 English Books

© Delhi Public Library
Hit Counter
free hit counter